MARC details
| 000 -LEADER |
| fixed length control field |
02794cgm a2200685Ma 4500 |
| 001 - CONTROL NUMBER |
| control field |
ocn812976076 |
| 003 - CONTROL NUMBER IDENTIFIER |
| control field |
OCoLC |
| 005 - DATE AND TIME OF LATEST TRANSACTION |
| control field |
20251208104621.0 |
| 007 - PHYSICAL DESCRIPTION FIXED FIELD--GENERAL INFORMATION |
| fixed length control field |
vd ugaizu |
| 008 - FIXED-LENGTH DATA ELEMENTS--GENERAL INFORMATION |
| fixed length control field |
120906p20112011enk231 g vleng d |
| 020 ## - INTERNATIONAL STANDARD BOOK NUMBER |
| International Standard Book Number |
0780682602 : DVD |
| 020 ## - INTERNATIONAL STANDARD BOOK NUMBER |
| International Standard Book Number |
9780780682603 : DVD |
| 020 ## - INTERNATIONAL STANDARD BOOK NUMBER |
| Terms of availability |
21.95 |
| 024 7# - OTHER STANDARD IDENTIFIER |
| Standard number or code |
00883929208401 |
| Source of number or code |
gtin-14 |
| 024 1# - OTHER STANDARD IDENTIFIER |
| Standard number or code |
883929208401 |
| 028 42 - PUBLISHER NUMBER |
| Publisher number |
1000227818 |
| Source |
2 Entertain |
| 035 ## - SYSTEM CONTROL NUMBER |
| System control number |
(OCoLC)812976076 |
| 040 ## - CATALOGING SOURCE |
| Original cataloging agency |
AZZPT |
| Transcribing agency |
AZZPT |
| Modifying agency |
OCLCO |
| -- |
CN5O6 |
| -- |
OCLCF |
| -- |
OCL |
| -- |
WACOL |
| Description conventions |
rda |
| 049 ## - LOCAL HOLDINGS (OCLC) |
| Holding library |
WACL |
| 050 14 - LIBRARY OF CONGRESS CALL NUMBER |
| Classification number |
PN1992.77 |
| Item number |
.L88 2010 v.2 |
| 082 04 - DEWEY DECIMAL CLASSIFICATION NUMBER |
| Classification number |
791.45/72 |
| Edition number |
22 |
| 092 ## - LOCALLY ASSIGNED DEWEY CALL NUMBER (OCLC) |
| Classification number |
DVD |
| Item number |
Lut |
| 100 1# - MAIN ENTRY--PERSONAL NAME |
| Personal name |
Elba, Idris. |
| 9 (RLIN) |
71872 |
| 245 10 - TITLE STATEMENT |
| Title |
Luther 2 |
| Medium |
[videorecording] / |
| 246 3# - VARYING FORM OF TITLE |
| Title proper/short title |
Luther two |
| 246 30 - VARYING FORM OF TITLE |
| Title proper/short title |
Luther |
| 250 ## - EDITION STATEMENT |
| Edition statement |
Anamorphic widescreen. |
| 257 ## - COUNTRY OF PRODUCING ENTITY FOR ARCHIVAL FILMS |
| Country of producing entity |
United Kingdom. |
| 260 ## - PUBLICATION, DISTRIBUTION, ETC. (IMPRINT) |
| Place of publication, distribution, etc |
[London] : |
| Name of publisher, distributor, etc |
2 Entertain ; |
| Place of publication, distribution, etc |
Burbank, CA : |
| Name of publisher, distributor, etc |
Distributed in the USA by Warner Home Video, |
| Date of publication, distribution, etc |
2011. |
| 264 ## - Production, Publication, Distribution, Manufacture, and Copyright Notice. |
| Place of production, publication, distribution, manufacture |
Burbank, CA : |
| Name of producer, publisher, distributor, manufacturer |
written by Neil Cross ; produced by Katie Swinden ; directed by Sam Miller. |
| Date of production, publication, distribution, manufacture, or copyr |
2011 |
| 300 ## - PHYSICAL DESCRIPTION |
| Extent |
2 videodiscs (231 min.) : |
| Other physical details |
sd., col. ; |
| Dimensions |
4 3/4 in. |
| 505 0# - FORMATTED CONTENTS NOTE |
| Formatted contents note |
Disc 1. Episodes 1-2 -- Disc 2. Episodes 3-4. |
| 508 ## - CREATION/PRODUCTION CREDITS NOTE |
| Creation/production credits note |
Written by Neil Cross ; directed by Sam Miller ; produced by Katie Swinden. |
| 511 1# - PARTICIPANT OR PERFORMER NOTE |
| Participant or performer note |
Idris Elba, Ruth Wilson, Steven Mackintosh, Indira Varma, Saskia Reeves. |
| 520 ## - SUMMARY, ETC. |
| Summary, etc |
A highly intelligent and emotionally impulsive murder detective solves crimes, although he is often inclined to follow his own moral convictions as much as the law. |
| 521 8# - TARGET AUDIENCE NOTE |
| Target audience note |
Not rated. |
| 538 ## - SYSTEM DETAILS NOTE |
| System details note |
DVDs, Dolby digital stereo. |
| 540 ## - TERMS GOVERNING USE AND REPRODUCTION NOTE |
| Terms governing use and reproduction |
For private home use only. |
| 546 ## - LANGUAGE NOTE |
| Language note |
Closed-captioned. |
| 650 #0 - SUBJECT ADDED ENTRY--TOPICAL TERM |
| Topical term or geographic name as entry element |
Detective and mystery plays. |
| 9 (RLIN) |
5697113 |
| 650 #0 - SUBJECT ADDED ENTRY--TOPICAL TERM |
| Topical term or geographic name as entry element |
Murder |
| General subdivision |
Investigation |
| Form subdivision |
Drama. |
| 9 (RLIN) |
5675811 |
| 650 #7 - SUBJECT ADDED ENTRY--TOPICAL TERM |
| Topical term or geographic name as entry element |
Detective and mystery plays. |
| Source of heading or term |
fast |
| 9 (RLIN) |
5697113 |
| 650 #7 - SUBJECT ADDED ENTRY--TOPICAL TERM |
| Topical term or geographic name as entry element |
Murder |
| General subdivision |
Investigation. |
| Source of heading or term |
fast |
| 9 (RLIN) |
88186 |
| 655 #7 - INDEX TERM--GENRE/FORM |
| Genre/form data or focus term |
Detective and mystery television programs. |
| Source of term |
lcgft |
| 9 (RLIN) |
5675842 |
| 655 #7 - INDEX TERM--GENRE/FORM |
| Genre/form data or focus term |
Thrillers (Television programs) |
| Source of term |
lcgft |
| 9 (RLIN) |
5698785 |
| 655 #7 - INDEX TERM--GENRE/FORM |
| Genre/form data or focus term |
Fiction television programs. |
| Source of term |
lcgft |
| 9 (RLIN) |
5673656 |
| 655 #7 - INDEX TERM--GENRE/FORM |
| Genre/form data or focus term |
Video recordings for the hearing impaired. |
| Source of term |
lcgft |
| 9 (RLIN) |
5913335 |
| 655 #7 - INDEX TERM--GENRE/FORM |
| Genre/form data or focus term |
Detective and mystery television programs. |
| Source of term |
fast |
| 9 (RLIN) |
5675842 |
| 655 #7 - INDEX TERM--GENRE/FORM |
| Genre/form data or focus term |
Drama. |
| Source of term |
fast |
| 9 (RLIN) |
5673873 |
| 655 #7 - INDEX TERM--GENRE/FORM |
| Genre/form data or focus term |
Fiction television programs. |
| Source of term |
fast |
| 9 (RLIN) |
5673656 |
| 655 #7 - INDEX TERM--GENRE/FORM |
| Genre/form data or focus term |
Thrillers (Television programs) |
| Source of term |
fast |
| 9 (RLIN) |
5698785 |
| 655 #7 - INDEX TERM--GENRE/FORM |
| Genre/form data or focus term |
Video recordings for the hearing impaired. |
| Source of term |
fast |
| 9 (RLIN) |
5913335 |
| 700 1# - ADDED ENTRY--PERSONAL NAME |
| Personal name |
Miller, Sam, |
| Titles and other words associated with a name |
director. |
| 9 (RLIN) |
5913336 |
| 700 1# - ADDED ENTRY--PERSONAL NAME |
| Personal name |
Elba, Idris. |
| 9 (RLIN) |
71872 |
| 700 1# - ADDED ENTRY--PERSONAL NAME |
| Personal name |
Wilson, Ruth, |
| Dates associated with a name |
1982- |
| 9 (RLIN) |
5877419 |
| 700 1# - ADDED ENTRY--PERSONAL NAME |
| Personal name |
Mackintosh, Steven. |
| 9 (RLIN) |
61181 |
| 730 0# - ADDED ENTRY--UNIFORM TITLE |
| Uniform title |
Luther (Television program : 2010). |
| Number of part/section of a work |
Season 2. |
| 9 (RLIN) |
5913337 |
| 942 ## - ADDED ENTRY ELEMENTS (KOHA) |
| Koha item type |
DVD |
| Source of classification or shelving scheme |
Dewey Decimal Classification |
| 948 ## - LOCAL PROCESSING INFORMATION (OCLC); SERIES PART DESIGNATOR (RLIN) |
| Series part designator, SPT (RLIN) |
06/20/2016 |
| z (OCLC) |
Sirsi |